000 00417nam a22001217a 4500
999 _c9678
_d9678
003 OSt
008 201203b ||||| |||| 00| 0 eng d
245 _aJournal of Scientific and Industrial Research (JSIR)
250 _a2018(Jan Vol.77 No.1, Feb Vol.77 No.2, Mar Vol.77 No.3, Apr Vol.77 No.4, May Vol.77 No.5, Jun Vol.77 No.6)
260 _aNew Delhi
_bCSIR-NISCAIR
650 _aMechanical Engineering
942 _2ddc
_cBV